Регионална библиотека "Любен Каравелов" - Русе

La musique des instruments (Запис номер 39434)

MARC детайли
000 -Лидер
Контролно поле с фиксирана дължина 00789nam a2200265 c 4500
003 - Код на организацията, давaща контролен номер
Контролно поле BLK
005 - Дата и час на последна редакция
Контролно поле 20210623173728.0
008 - Елементи от данни с фиксирана дължина
fixed length control field 180408b bul|||||r ||||||| ||bul||
010 ## - Наследен системен номер
LC control number KNG00042787000
020 ## - Международен стандартен номер на книга ISBN
Международен стандартен номер на книга ISBN 2-07-056832-6
-- издат.: Gallimard
040 ## - Източник на каталожния запис
Идентификатор на билиотеката - собственик на записа BLK
041 ## - Код за език
Код за езика на текст/звукозапис или на отделно заглавие Френски
Код за езика КДБФ Френски
080 ## - УДК
Текстов определител УДК Музика
УДК код - определител по УДК 78
УДК определител
УДК - код + определител 78
139 ## - Редно поле
Редна дума La musique des instruments
Авторски знак L - L 10
245 10 - Сведения за заглавието
Заглавие La musique des instruments
Подзаглавни данни Des flutes en os de la prehistoire jusqu'aux guitares electriques
260 ## - Област на издателските данни
-- Paris
Име на издателя, разпространителя и проч. Gallimard
Година на издаване 1994
300 ## - Физическа характеристика
Страници 46 c
Илюстрации и др. с ил.
Размери/Мащаб 23Х20 см
380 ## - Жанр
Жанр Изкуство
490 1# - СЕРИИ (Колекции)
Име на серия Les Racines du Savoir
№: серия 4
852 ## - Местоположение
Форматна сигнатура Цб Д
856 4# - Електронен адрес и достъп
Електронен формат pdf - файл
Път до файла /url/
856 4# - Електронен адрес и достъп
Електронен формат pdf - файл
Път до файла /url/
942 ## - АРТИКУЛИ
Вид на библиотечния материал Книги
Скрит в OPAC Не
Koha issues (borrowed), all copies 2
944 ## - СЪЗДАВАНЕ И РЕДАКЦИЯ на ЗАПИСА
Създаване/Редакция Създаване
Дата на регистрацията/редакция 15.01.2003
Служител, извършил регистрацията/редакцията AB_DOS
944 ## - СЪЗДАВАНЕ И РЕДАКЦИЯ на ЗАПИСА
Създаване/Редакция Редакция
Дата на регистрацията/редакция 08.02.2017
Служител, извършил регистрацията/редакцията Ивелин_Попов
999 ## - СИСТЕМНИ КОНТРОЛНИ НОМЕРА
Koha biblionumber 39434
Koha biblioitemnumber 39434
Наличности
Код за отписване Код за изгубен артикул Източник на класификационната схема Код за повреда Коз за рестрикции Код за отдаване Артикулен № Име на библиотеката - собственик Име на библиотеката, в която се намира в момента Статус (Текущо местоположение) Дата на вписване в системата Местоположение - отдел Цена в лева Инвентарен номер Систематично азбучна сигнатура Баркод Номер на екземпляра Цена в евро Служебна бележка Служебен тип на артикула
  Не е изгубен Universal Decimal Classification Не е повреден без рестрикции заемане за дома 61775 Регионална библиотека "Любен Каравелов" Русе Регионална библиотека "Любен Каравелов" Русе Детски отдел 2001-01-01 Детски отдел 18.00 609164 ДН 78/M 97 120000609164 1 9.20 Дата: 01.01.1994 Дата инв: 20.08.2015 Бележки инв: Д2015 Книги
Vip Innovations Ltd, Rousse, Bulgaria 2025